000 00352nam a22001577a 4500
003 MACL
005 20151223130142.0
008 151223b xxu||||| |||| 00| 0 eng d
040 _cMACL
041 _aEnglish
082 _a610/PRU
100 _aPruthi,Raj
_92829
245 _aMedical Tourism In India
650 _aMedical
_922323
942 _2ddc
_cBK
999 _c51611
_d51611